[Event "Sunway Sitges Open 2018"]
[Site "Sitges ESP"]
[Date "2018.12.17"]
[Round "4.13"]
[White "Santos Ruiz, Miguel"]
[Black "Raja, Rithvik R"]
[Result "1-0"]
[WhiteTitle "GM"]
[BlackTitle "IM"]
[WhiteElo "2523"]
[BlackElo "2415"]
[WhiteFideId "22291482"]
[BlackFideId "35007394"]
[EventDate "2018.12.14"]

1. Nf3 d5 2. e3 Nf6 3. c4 e6 4. b3 Bd6 5. Bb2 O-O 6. Nc3 b6 7. cxd5 exd5 8. Nb5
Be7 9. Be5 Ne8 10. Qc2 Na6 11. a3 c5 12. d4 Bb7 13. Bd3 g6 14. h4 Bf6 15. h5 Kg7
16. hxg6 hxg6 17. Bxg6 fxg6 18. Ng5 1-0

[Event "Sunway Sitges Open 2018"]
[Site "Sitges ESP"]
[Date "2018.12.17"]
[Round "4.14"]
[White "Meister, Peter"]
[Black "Inarkiev, Ernesto"]
[Result "0-1"]
[WhiteTitle "IM"]
[BlackTitle "GM"]
[WhiteElo "2355"]
[BlackElo "2693"]
[WhiteFideId "4600207"]
[BlackFideId "4162722"]
[EventDate "2018.12.14"]

1. d4 Nf6 2. c4 g6 3. f3 c5 4. d5 d6 5. e4 Bg7 6. Ne2 e6 7. Bg5 h6 8. Be3 exd5
9. cxd5 b5 10. Ng3 Nfd7 11. Qd2 b4 12. a3 a5 13. axb4 cxb4 14. Ra2 Nc5 15. Bb5+
Bd7 16. Bxd7+ Nbxd7 17. O-O Qf6 18. Rf2 O-O 19. Ne2 Nb3 20. Qd1 a4 21. Nc1 Nxc1
22. Qxc1 Ne5 23. Qf1 Rfc8 24. Nd2 Rc2 25. Qb1 Rac8 26. Nf1 b3 27. Rxa4 Nd3 28.
Rd2 Nxb2 29. Rb4 Qc3 30. Rb6 Rc1 31. Qxb2 Qxe3+ 0-1

[Event "Sunway Sitges Open 2018"]
[Site "Sitges ESP"]
[Date "2018.12.17"]
[Round "4.15"]
[White "Gordievsky, Dmitry"]
[Black "Gual Pascual, Antonio"]
[Result "1/2-1/2"]
[WhiteTitle "GM"]
[BlackTitle "IM"]
[WhiteElo "2614"]
[BlackElo "2357"]
[WhiteFideId "24112798"]
[BlackFideId "2200589"]
[EventDate "2018.12.14"]

1. Nf3 g6 2. d4 Bg7 3. c4 d6 4. Nc3 Nd7 5. e4 e5 6. Be2 Ngf6 7. O-O O-O 8. Qc2
Nh5 9. Rd1 Nf4 10. Bxf4 exf4 11. h3 c6 12. Rab1 Re8 13. b4 h6 14. c5 dxc5 15.
bxc5 b6 16. cxb6 axb6 17. Bc4 b5 18. Bb3 Nb6 19. Ne2 Nc4 20. Bxc4 bxc4 21. Qxc4
Rxe4 22. Qxc6 Bf5 23. Rb2 Re6 24. Qb5 Be4 25. Qb3 Bd5 26. Qd3 Be4 27. Qd2 Bxf3
28. gxf3 g5 29. Kg2 Rea6 30. Rc2 Ra3 31. d5 Qd7 32. Ng1 R8a4 33. Qe2 Bd4 34.
Rcd2 Qxd5 35. Qe8+ Kg7 36. Qc8 Qc5 37. Qd7 Bc3 38. Rd5 Qa7 39. Qxa7 Rxa7 40.
R1d3 Bb4 41. Rxa3 Rxa3 42. Rb5 1/2-1/2

[Event "Sunway Sitges Open 2018"]
[Site "Sitges ESP"]
[Date "2018.12.17"]
[Round "4.17"]
[White "Kadric, Denis"]
[Black "Pogorelov, Ruslan"]
[Result "1/2-1/2"]
[WhiteTitle "GM"]
[BlackTitle "GM"]
[WhiteElo "2554"]
[BlackElo "2354"]
[WhiteFideId "14403803"]
[BlackFideId "14100363"]
[EventDate "2018.12.14"]

1. e4 c6 2. d4 d5 3. e5 c5 4. dxc5 e6 5. Nf3 Bxc5 6. Bd3 Ne7 7. O-O Nbc6 8. a3
Ng6 9. b4 Bb6 10. Bb2 Nf4 11. c4 O-O 12. c5 Nxd3 13. Qxd3 Bc7 14. b5 Ne7 15.
Nbd2 Bd7 16. Nb3 Qe8 17. a4 a6 18. Nbd4 axb5 19. axb5 Rxa1 20. Rxa1 Qb8 21. Ba3
Re8 22. c6 Bc8 23. b6 Bxe5 24. c7 Bxc7 25. bxc7 Qxc7 26. Nb5 Qf4 27. Bxe7 Rxe7
28. g3 Qb4 29. Qa3 Qxa3 30. Rxa3 Bd7 31. Nd6 g6 32. Ra7 Bc6 33. Nd4 Kf8 34. Ra8+
Kg7 35. Rc8 Ba4 36. Ra8 Bc6 37. Nxc6 bxc6 38. Rc8 g5 39. Rxc6 Kf6 40. Nb5 Ke5
41. Rc1 Rb7 42. Re1+ Kf6 43. Rb1 Ke5 44. Kf1 Rb6 45. Ke2 Ra6 46. Nc3 Rc6 47. Kd3
Rc4 48. Re1+ Kf6 49. Ra1 h5 50. Ra4 Rxa4 51. Nxa4 Kf5 52. f3 e5 53. Nc3 Ke6 54.
Ne2 g4 55. f4 f6 56. Nc3 d4 57. Nb5 exf4 58. Ke4 f3 59. Nxd4+ Kf7 60. Nf5 Ke6
61. Ne3 Kf7 62. Nd1 Kg6 63. Kf4 Kf7 64. Kf5 Kg7 65. Nf2 Kf7 66. h3 gxh3 67. Nxh3
Kg7 68. Kf4 Kg6 69. Kxf3 Kf5 70. Nf4 Kg5 71. Ng2 f5 72. Kf2 Kg4 73. Ne3+ Kg5 74.
Kf3 h4 75. gxh4+ Kxh4 1/2-1/2

[Event "Sunway Sitges Open 2018"]
[Site "Sitges ESP"]
[Date "2018.12.17"]
[Round "4.19"]
[White "Kelires, Andreas"]
[Black "Demianjuk, Alexander"]
[Result "1-0"]
[WhiteTitle "GM"]
[BlackTitle "FM"]
[WhiteElo "2535"]
[BlackElo "2344"]
[WhiteFideId "5900727"]
[BlackFideId "4134249"]
[EventDate "2018.12.14"]

1. d4 Nf6 2. Nf3 g6 3. Bg5 Bg7 4. Nbd2 O-O 5. e3 d6 6. c3 c5 7. Bc4 Nbd7 8. O-O
b6 9. a4 h6 10. Bh4 d5 11. Be2 g5 12. Bg3 Nh5 13. a5 Nxg3 14. hxg3 Bb7 15. Bb5
Qc7 16. Qe2 Bc6 17. e4 dxe4 18. Nxe4 Bxb5 19. Qxb5 g4 20. Nh4 e6 21. Rfd1 Rfd8
22. d5 Ne5 23. dxe6 fxe6 24. axb6 Qxb6 25. Qxc5 Rxd1+ 26. Rxd1 Qxc5 27. Nxc5 Kf7
28. f4 gxf3 29. Nxf3 Nxf3+ 30. gxf3 Bf8 31. Ne4 Ke8 32. Kf2 a5 33. Ke3 Rb8 34.
Rd2 a4 35. Rh2 Kf7 36. Kd3 Rb6 37. Kc2 e5 38. Rh1 Ke6 39. Re1 Rb8 40. Nd2 Kd5
41. Ra1 Ra8 42. Kd3 Ke6 43. Ke4 a3 44. bxa3 Ra4+ 45. Kd3 Kf5 46. Nc4 e4+ 47.
fxe4+ Kg4 48. Rg1 Ra6 49. Ne3+ Kh3 50. Nf5 Rxa3 51. Rb1 Ra8 52. Rb5 Kg4 53. Rb6
Kf3 54. Rg6 Re8 55. Nd4+ Kf2 56. e5 Ba3 57. e6 h5 58. Ke4 Rc8 59. Nb5 Be7 60.
Rg7 Bc5 61. Kd5 Bf8 62. Nd6 Bxd6 63. Kxd6 Rxc3 64. e7 Rd3+ 65. Ke6 Re3+ 66. Kf7
Rf3+ 67. Kg8 1-0

[Event "Sunway Sitges Open 2018"]
[Site "Sitges ESP"]
[Date "2018.12.17"]
[Round "4.20"]
[White "Harutyunian, Tigran K."]
[Black "Shubin, Kirill"]
[Result "1-0"]
[WhiteTitle "IM"]
[BlackTitle "FM"]
[WhiteElo "2528"]
[BlackElo "2334"]
[WhiteFideId "13303635"]
[BlackFideId "34119962"]
[EventDate "2018.12.14"]

1. d4 e6 2. c4 Nf6 3. Nf3 Bb4+ 4. Bd2 a5 5. g3 d6 6. Bg2 Nbd7 7. O-O e5 8. e3
Bxd2 9. Nfxd2 O-O 10. Nc3 Re8 11. Qc2 Nf8 12. dxe5 Rxe5 13. Nf3 Rh5 14. h4 Ne6
15. Ne2 Rc5 16. Rfd1 Rb8 17. Nfd4 Bd7 18. Qd3 Re5 19. Nf3 Nc5 20. Qa3 Rh5 21.
Nf4 Rf5 22. Qc3 Nce4 23. Qc2 Qe8 24. Rd4 Rc5 25. Ne1 Re5 26. Ned3 Re7 27. c5 Bf5
28. Nd5 Nxd5 29. Rxd5 g6 30. cxd6 Nxd6 31. Rxa5 b5 32. a4 b4 33. Rd5 Be4 34.
Bxe4 Nxe4 35. a5 c6 36. Rd4 c5 37. Nxc5 Nxc5 38. Qxc5 Rxe3 39. fxe3 Qxe3+ 40.
Kg2 Qe2+ 41. Kh3 Qe6+ 42. Rg4 Rc8 43. Qb5 Rd8 44. Rc1 Rd4 45. Qb8+ Kg7 46. Qc8
Rd7 47. Qc6 Rd6 48. Qe4 Qd7 49. Qe5+ f6 50. Qc5 Qe6 51. Qc8 1-0

[Event "Sunway Sitges Open 2018"]
[Site "Sitges ESP"]
[Date "2018.12.17"]
[Round "4.21"]
[White "Esplugas Esteve, Vicenc"]
[Black "Henderson de La Fuente, Lance"]
[Result "1/2-1/2"]
[WhiteTitle "FM"]
[BlackTitle "IM"]
[WhiteElo "2330"]
[BlackElo "2484"]
[WhiteFideId "22200789"]
[BlackFideId "32096585"]
[EventDate "2018.12.14"]

1. d4 e6 2. c4 f5 3. Nc3 Nf6 4. Nf3 b6 5. a3 Bb7 6. d5 Bd6 7. g3 O-O 8. Bg2 c6
9. Nd4 c5 10. Ndb5 Be5 11. f4 Bxc3+ 12. Nxc3 Kh8 13. b3 exd5 14. cxd5 d6 15. Bh3
b5 16. Bg2 Nbd7 17. O-O Nb6 18. Qd3 b4 19. axb4 cxb4 20. Nb5 Bxd5 21. Bxd5 Nbxd5
22. Bb2 Nc3 23. Nxc3 Qb6+ 24. e3 bxc3 25. Bxc3 Qxb3 26. Rfb1 Qe6 27. Rb7 Kg8 28.
Raxa7 Rxa7 29. Rxa7 Rf7 30. Ra8+ Rf8 31. Ra7 Rf7 32. Ra8+ 1/2-1/2

[Event "Sunway Sitges Open 2018"]
[Site "Sitges ESP"]
[Date "2018.12.17"]
[Round "4.22"]
[White "Dhulipalla, Bala Chandra Prasad"]
[Black "Gukesh, D"]
[Result "0-1"]
[WhiteTitle "IM"]
[BlackTitle "IM"]
[WhiteElo "2328"]
[BlackElo "2466"]
[WhiteFideId "25005812"]
[BlackFideId "46616543"]
[EventDate "2018.12.14"]

1. d4 Nf6 2. c4 e6 3. g3 d5 4. Nf3 dxc4 5. Bg2 Bb4+ 6. Bd2 a5 7. Qc2 Bxd2+ 8.
Qxd2 c6 9. a4 Ne4 10. Qc2 Nd6 11. O-O b5 12. Nbd2 Bb7 13. b3 cxb3 14. Nxb3 O-O
15. Ne5 b4 16. Rfc1 Nf5 17. Qb2 Ne7 18. Nc5 Ra7 19. e4 Ba6 20. Bh3 Qd6 21. Nb3
f6 22. Nf3 Bc8 23. Nfd2 f5 24. Rc5 fxe4 25. Nxe4 Qd8 26. Re5 Ng6 27. Rc5 e5 28.
Bg2 exd4 29. Nxd4 Kh8 30. h4 Rd7 31. Nxc6 Nxc6 32. Rxc6 Bb7 33. Rc2 Re7 34. Re2
Rfe8 35. Ng5 Rxe2 36. Qxe2 Rxe2 37. Nf7+ Kg8 38. Nxd8 Bxg2 39. Kxg2 Ne5 40. Nb7
b3 41. Nxa5 b2 42. Rb1 Nd3 43. Nc4 Rxf2+ 44. Kh3 Rc2 45. Nxb2 Nxb2 46. a5 Nd3
47. a6 Ra2 48. Rb8+ Kf7 49. Rb7+ Kf6 50. Rb6+ Kf5 51. Rb7 Nf2+ 52. Kg2 Ng4+ 53.
Kf1 Kg6 54. a7 Ne3+ 55. Ke1 Nf5 56. Rb6+ Kh5 57. Rb7 Kh6 58. g4 Nxh4 59. Kf1 Nf3
60. Rb6+ g6 61. Rb7 Nh2+ 62. Ke1 Nxg4 0-1

[Event "Sunway Sitges Open 2018"]
[Site "Sitges ESP"]
[Date "2018.12.17"]
[Round "4.23"]
[White "Pogonina, Natalija"]
[Black "Sarkar, Justin"]
[Result "1/2-1/2"]
[WhiteTitle "WGM"]
[BlackTitle "IM"]
[WhiteElo "2465"]
[BlackElo "2332"]
[WhiteFideId "4147855"]
[BlackFideId "2010011"]
[EventDate "2018.12.14"]

1. d4 Nf6 2. c4 e6 3. Nf3 b6 4. g3 Bb7 5. Bg2 Bb4+ 6. Nbd2 O-O 7. O-O Be7 8. Qc2
d5 9. cxd5 exd5 10. Ne5 c5 11. b3 Nbd7 12. Bb2 Rc8 13. Qd3 Nb8 14. Rac1 Ba6 15.
Qf3 Nc6 16. Nxc6 Rxc6 17. Rfe1 Qd7 18. dxc5 Bxc5 19. a3 Rfc8 20. b4 Be7 21. Rxc6
Qxc6 22. Bh3 Rd8 23. Rc1 Qd6 24. Bf5 g6 25. Bd3 Bb7 26. Nb3 Rc8 27. Rxc8+ Bxc8
28. Nd4 Bd7 29. Bc2 Ne4 30. Bxe4 dxe4 31. Qxe4 Bf6 32. Qa8+ Kg7 33. e3 Bh3 34.
Qf3 Qd7 35. b5 Qg4 36. Qxg4 Bxg4 37. f4 Bxd4 38. Bxd4+ f6 39. a4 Bd1 40. a5 Be2
41. axb6 axb6 42. Bxb6 Bxb5 43. Kf2 1/2-1/2

[Event "Sunway Sitges Open 2018"]
[Site "Sitges ESP"]
[Date "2018.12.17"]
[Round "4.25"]
[White "Wang, Kevin"]
[Black "Vaishali, R"]
[Result "1-0"]
[WhiteTitle "IM"]
[BlackTitle "WGM"]
[WhiteElo "2449"]
[BlackElo "2329"]
[WhiteFideId "2008424"]
[BlackFideId "5091756"]
[EventDate "2018.12.14"]

1. d4 d5 2. c4 Nc6 3. Nc3 Nf6 4. Nf3 dxc4 5. e4 Bg4 6. Be3 e6 7. Bxc4 Bb4 8. Qd3
Bh5 9. O-O O-O 10. Ne2 Bg6 11. Ng3 Na5 12. Ne5 c5 13. dxc5 Qe7 14. c6 Nxc6 15.
Nxc6 bxc6 16. Bg5 h6 17. Bh4 Rfd8 18. Qf3 Rd4 19. b3 Rad8 20. Rad1 Rxd1 21. Rxd1
Rxd1+ 22. Qxd1 Qd7 23. Qxd7 Nxd7 24. f3 Ne5 25. Ba6 Kf8 26. Ne2 Bc5+ 27. Kf1 f5
28. Bg3 Nd7 29. Bb7 fxe4 30. Nf4 Bf7 31. Bxc6 e5 32. Nh3 Be6 33. Bxe4 Ke7 34.
Nf2 Bd4 35. Nd3 Kd6 36. Be1 Bd5 37. Bb4+ Ke6 38. Bg6 Bc6 39. Ke2 Nb6 40. Bf8 Kf6
41. Be4 Be8 42. Bc5 a5 43. Kd2 Bb5 44. Bxd4 exd4 45. a4 Be8 46. Nc5 Bf7 47. Kc2
Nd5 48. Bxd5 Bxd5 49. Ne4+ Ke5 50. Nd2 Kd6 51. Nc4+ Kc5 52. Nxa5 Kb4 53. Nc4 d3+
54. Kxd3 Kxb3 55. Nb6 Bc6 56. Kd4 Kb4 57. h4 h5 58. Nd5+ Kxa4 59. Nf4 Be8 60.
Ke5 Kb5 61. Kf5 1-0

[Event "Sunway Sitges Open 2018"]
[Site "Sitges ESP"]
[Date "2018.12.18"]
[Round "5.1"]
[White "Nihal, Sarin"]
[Black "Lopez Martinez, Josep Manuel"]
[Result "1/2-1/2"]
[WhiteTitle "GM"]
[BlackTitle "GM"]
[WhiteElo "2576"]
[BlackElo "2580"]
[WhiteFideId "25092340"]
[BlackFideId "2212943"]
[EventDate "2018.12.14"]

1. Nf3 Nf6 2. c4 e6 3. e3 b6 4. b3 Bb7 5. Bb2 c5 6. Be2 Be7 7. O-O O-O 8. d4
cxd4 9. Nxd4 a6 10. Nc3 d6 11. Bf3 Qc7 12. Bxb7 Qxb7 13. Qf3 Qxf3 14. gxf3 Rc8
15. Rfd1 Nbd7 16. Rac1 g6 17. Kf1 Bf8 18. Nde2 Ne8 19. Ne4 Nc5 20. N2c3 Be7 21.
Ba3 Nb7 22. f4 Rc6 23. Bb2 Rac8 24. Ke2 Nc5 25. Nxc5 Rxc5 26. Ne4 Rh5 27. Rh1
Kf8 28. Bd4 Rb8 29. Rc2 f5 30. Ng3 Rh4 31. Kf3 Bf6 32. Bxf6 Nxf6 33. b4 Rc8 34.
Kg2 Ke7 35. Rhc1 h6 36. c5 dxc5 37. bxc5 b5 38. c6 g5 39. fxg5 hxg5 40. c7 Ng4
41. a4 bxa4 42. h3 Ne5 43. Ne2 Nd3 44. Ra1 Nb4 45. Rc5 Kd6 46. Ra5 Rxc7 47.
R5xa4 Rhc4 48. Rb1 Nd5 49. Rxa6+ R4c6 50. Rxc6+ Rxc6 51. Nd4 Ra6 52. Rb2 Ke5 1/2-1/2

[Event "Sunway Sitges Open 2018"]
[Site "Sitges ESP"]
[Date "2018.12.18"]
[Round "5.2"]
[White "Alonso Rosell, Alvar"]
[Black "Sasikiran, Krishnan"]
[Result "1/2-1/2"]
[WhiteTitle "GM"]
[BlackTitle "GM"]
[WhiteElo "2524"]
[BlackElo "2673"]
[WhiteFideId "2270544"]
[BlackFideId "5004985"]
[EventDate "2018.12.14"]

1. d4 Nf6 2. Nf3 e6 3. c4 b6 4. g3 Ba6 5. Nbd2 Bb7 6. Bg2 d5 7. O-O Be7 8. b3
O-O 9. Bb2 Na6 10. Ne5 c5 11. dxc5 bxc5 12. e3 Re8 13. Qe2 Nb4 14. Rfd1 Qc7 15.
Ng4 Nxg4 16. Qxg4 Bf8 17. Nf3 f5 18. Qf4 Qxf4 19. gxf4 Rad8 20. cxd5 Bxd5 21.
Ne5 Bxg2 22. Kxg2 Rd5 23. Rxd5 Nxd5 24. Ba3 Rc8 25. Rc1 Rc7 26. Kf3 g6 27. Ke2
a5 28. Nc4 Ra7 29. Nb2 Nb4 30. Bxb4 axb4 31. Na4 Kf7 32. Kf3 h6 33. Nxc5 Rxa2
34. Nd3 Bd6 35. Rc4 Ra3 36. Rd4 Be7 37. Nxb4 Rxb3 38. Nc6 Rb7 39. Rd8 Bf6 40.
Rc8 g5 41. fxg5 1/2-1/2

[Event "Sunway Sitges Open 2018"]
[Site "Sitges ESP"]
[Date "2018.12.18"]
[Round "5.3"]
[White "Petrosyan, Manuel"]
[Black "Vocaturo, Daniele"]
[Result "1-0"]
[WhiteTitle "GM"]
[BlackTitle "GM"]
[WhiteElo "2565"]
[BlackElo "2629"]
[WhiteFideId "13300857"]
[BlackFideId "813192"]
[EventDate "2018.12.14"]

1. e4 e6 2. d4 d5 3. Nd2 h6 4. Ngf3 Nf6 5. Bd3 c5 6. e5 Nfd7 7. O-O Nc6 8. Re1
c4 9. Bf1 g5 10. h3 h5 11. c3 b5 12. a4 b4 13. Nxc4 dxc4 14. Nxg5 Qc7 15. Bxc4
Bb7 16. Be2 bxc3 17. bxc3 Nd8 18. c4 h4 19. a5 Rc8 20. Bd3 Be7 21. Qg4 Nf8 22.
a6 Ba8 23. Ne4 Bxe4 24. Rxe4 Ng6 25. Re2 Rg8 26. d5 Bc5 27. Bc2 Rh8 28. Bg5 Nxe5
29. Qf4 Ng6 30. Ba4+ Kf8 31. Qxc7 Rxc7 32. Bxd8 Rc8 33. Bf6 Rh6 34. dxe6 fxe6
35. Rxe6 Kf7 36. Bg5 Rh5 37. Rf6+ Kg7 38. Rf5 Be7 39. Bd7 Rxc4 40. Be3 Rxf5 41.
Bxf5 1-0

[Event "Sunway Sitges Open 2018"]
[Site "Sitges ESP"]
[Date "2018.12.18"]
[Round "5.4"]
[White "Kulaots, Kaido"]
[Black "Indjic, Aleksandar"]
[Result "0-1"]
[WhiteTitle "GM"]
[BlackTitle "GM"]
[WhiteElo "2555"]
[BlackElo "2620"]
[WhiteFideId "4500261"]
[BlackFideId "911925"]
[EventDate "2018.12.14"]

1. e4 c5 2. Nf3 d6 3. d4 cxd4 4. Nxd4 Nf6 5. Nc3 a6 6. Be3 e5 7. Nb3 Be6 8. f3
h5 9. Nd5 Bxd5 10. exd5 Nbd7 11. Qd2 Qc7 12. c4 a5 13. Rc1 a4 14. Na1 Qa5 15.
Qxa5 Rxa5 16. Nc2 g6 17. Be2 Bh6 18. Bxh6 Rxh6 19. Na3 Ke7 20. Kd2 h4 21. Kc3
Rh8 22. Kb4 Rha8 23. Nb5 b6 24. Rhe1 Nc5 25. Bf1 Kd7 26. Rcd1 Nh5 27. Rd2 f5 28.
Bd3 a3 29. Bb1 axb2 30. a3 Rc8 31. Rxb2 Nf4 32. Rd1 e4 33. fxe4 Ra4+ 34. Kc3
Nxe4+ 35. Bxe4 Raxc4+ 36. Kb3 Rxe4 37. g3 hxg3 38. hxg3 Ne2 39. Rh1 Nc1+ 0-1

[Event "Sunway Sitges Open 2018"]
[Site "Sitges ESP"]
[Date "2018.12.18"]
[Round "5.5"]
[White "Romanov, Evgeny"]
[Black "Santos Ruiz, Miguel"]
[Result "1/2-1/2"]
[WhiteTitle "GM"]
[BlackTitle "GM"]
[WhiteElo "2614"]
[BlackElo "2523"]
[WhiteFideId "4148843"]
[BlackFideId "22291482"]
[EventDate "2018.12.14"]

1. d4 Nf6 2. Bg5 d5 3. e3 c5 4. Bxf6 gxf6 5. dxc5 e6 6. Qd4 Bd7 7. Nd2 Nc6 8.
Qc3 a5 9. Ngf3 Rc8 10. a3 Nb8 11. b4 b6 12. Qb2 axb4 13. axb4 bxc5 14. bxc5 Bxc5
15. c4 dxc4 16. Bxc4 O-O 17. O-O Be7 18. Bb5 1/2-1/2

[Event "Sunway Sitges Open 2018"]
[Site "Sitges ESP"]
[Date "2018.12.18"]
[Round "5.6"]
[White "Praggnanandhaa, R"]
[Black "Liang, Awonder"]
[Result "1/2-1/2"]
[WhiteTitle "GM"]
[BlackTitle "GM"]
[WhiteElo "2530"]
[BlackElo "2589"]
[WhiteFideId "25059530"]
[BlackFideId "2056437"]
[EventDate "2018.12.14"]

1. Nf3 Nf6 2. g3 b6 3. Bg2 Bb7 4. O-O g6 5. c4 c5 6. b3 Bg7 7. Bb2 O-O 8. Nc3
Nc6 9. d4 Nxd4 10. Nxd4 Bxg2 11. Kxg2 cxd4 12. Qxd4 d5 13. cxd5 e6 14. d6 Nd5
15. Qd2 Nxc3 16. Bxc3 Bxc3 17. Qxc3 Qxd6 18. Rfd1 Qe7 19. Rac1 Rfd8 20. Rxd8+
Rxd8 21. Qc7 Qd7 22. Rc4 Qxc7 23. Rxc7 a5 24. Rc6 a4 25. bxa4 Rd2 26. a3 Rb2 27.
Rd6 Rxe2 28. Rxb6 Rc2 29. Kf3 Rc3+ 30. Ke4 Rc4+ 31. Ke5 Rxa4 32. Kf6 h5 33. Rb8+
Kh7 34. Rb3 Ra5 35. Kxf7 Rf5+ 36. Kxe6 Rxf2 37. h4 Kh6 38. a4 Ra2 39. Rb4 g5 40.
Kf5 Rf2+ 41. Ke4 Ra2 42. hxg5+ Kxg5 43. Kf3 Ra3+ 44. Kg2 Ra2+ 45. Kh3 Kf5 46.
Rb5+ Kg6 47. Ra5 Kh6 48. Ra8 Kg6 49. a5 Ra4 50. Ra7 Kh6 51. a6 Kg6 52. Ra8 Kg7
53. Kg2 Ra3 54. Kf2 Kh7 55. a7 Kg7 56. Ke2 Ra1 57. Ke3 Ra4 58. Kd3 Kh7 59. Kc3
Ra1 60. Kd4 Kg7 61. Ke5 Ra2 62. Kf4 Ra3 63. Kg5 Rxg3+ 64. Kxh5 Ra3 65. Kg5 Ra1
66. Kf5 Kh7 67. Kf6 Ra2 68. Re8 Rxa7 69. Re7+ Rxe7 70. Kxe7 1/2-1/2

[Event "Sunway Sitges Open 2018"]
[Site "Sitges ESP"]
[Date "2018.12.18"]
[Round "5.7"]
[White "Andreikin, Dmitry"]
[Black "Vasquez Schroeder, Rodrigo"]
[Result "1-0"]
[WhiteTitle "GM"]
[BlackTitle "GM"]
[WhiteElo "2719"]
[BlackElo "2495"]
[WhiteFideId "4158814"]
[BlackFideId "3400042"]
[EventDate "2018.12.14"]

1. e4 e5 2. Nf3 Nc6 3. Nc3 Nf6 4. Bb5 Bb4 5. O-O O-O 6. d3 Bxc3 7. bxc3 d6 8.
Re1 Qe7 9. h3 a6 10. Bxc6 bxc6 11. Rb1 h6 12. c4 c5 13. Nh4 Nd5 14. Qh5 Nb4 15.
Rb2 Be6 16. Bxh6 Qf6 17. Bg5 g6 18. Bxf6 gxh5 19. f4 exf4 20. Rf1 Rfb8 21. Rxf4
Nc6 22. Rb3 a5 23. Nf5 Kh7 24. Ng3 Kg6 25. Bh4 Nd4 26. Rf6+ Kh7 27. Bg5 Rg8 28.
Rh6+ Kg7 29. Rb7 Kf8 30. h4 1-0

[Event "Sunway Sitges Open 2018"]
[Site "Sitges ESP"]
[Date "2018.12.18"]
[Round "5.8"]
[White "Inarkiev, Ernesto"]
[Black "Dragnev, Valentin"]
[Result "1/2-1/2"]
[WhiteTitle "GM"]
[BlackTitle "GM"]
[WhiteElo "2693"]
[BlackElo "2483"]
[WhiteFideId "4162722"]
[BlackFideId "1634852"]
[EventDate "2018.12.14"]

1. d4 Nf6 2. Nf3 e6 3. Bf4 d5 4. e3 Bd6 5. Nbd2 Bxf4 6. exf4 O-O 7. Bd3 b6 8.
Qe2 c5 9. c3 Qd6 10. g3 a5 11. O-O Nc6 12. a3 Bd7 13. Rad1 g6 14. Kg2 Rfe8 15.
h4 Kg7 16. Rh1 h5 17. Bb1 Bc8 18. Bd3 Bd7 19. Rhe1 Rac8 20. Bb1 cxd4 21. cxd4
Rc7 22. Bd3 Ne7 23. Ne5 Ba4 24. Rc1 Rec8 25. Rxc7 Rxc7 26. Nb1 Be8 27. Nc3 Qd8
28. f3 Nc8 29. g4 Nd6 30. f5 hxg4 31. fxg4 exf5 32. gxf5 Nde4 33. Bxe4 dxe4 34.
Qe3 Nd5 35. Qg3 e3 36. Ng4 Nxc3 37. bxc3 Rxc3 38. Rxe3 Rxe3 39. Qxe3 Qxh4 40.
Qe5+ f6 41. Nxf6 Qxf6 42. Qxe8 gxf5 43. Kf3 Qf8 44. Qe5+ Kg6 45. a4 Qa3+ 46. Kf4
Qc1+ 47. Kg3 Qg1+ 48. Kf3 Qh1+ 49. Kg3 Qg1+ 50. Kf3 Qh1+ 51. Kg3 Qg1+ 1/2-1/2

[Event "Sunway Sitges Open 2018"]
[Site "Sitges ESP"]
[Date "2018.12.18"]
[Round "5.9"]
[White "Edouard, Romain"]
[Black "Gukesh, D"]
[Result "1/2-1/2"]
[WhiteTitle "GM"]
[BlackTitle "IM"]
[WhiteElo "2644"]
[BlackElo "2466"]
[WhiteFideId "633429"]
[BlackFideId "46616543"]
[EventDate "2018.12.14"]

1. e4 c5 2. Nf3 d6 3. Bb5+ Bd7 4. c4 Bxb5 5. cxb5 Nf6 6. Nc3 g6 7. d4 cxd4 8.
Nxd4 Bg7 9. O-O O-O 10. Bg5 Nbd7 11. Re1 Re8 12. Qe2 Rc8 13. Rad1 Qc7 14. f4 e5
15. fxe5 Rxe5 16. Bf4 Ree8 17. Nf3 Nc5 18. Bxd6 Qb6 19. Bxc5 Qxc5+ 20. Qf2 Qxf2+
21. Kxf2 Ng4+ 22. Kg3 Bxc3 23. bxc3 Nf6 24. e5 Nh5+ 25. Kf2 Rxc3 26. Rd7 Nf4 27.
Red1 Rc2+ 28. R1d2 Rxd2+ 29. Rxd2 Ne6 30. Rd7 Rc8 31. Rxb7 1/2-1/2

[Event "Sunway Sitges Open 2018"]
[Site "Sitges ESP"]
[Date "2018.12.18"]
[Round "5.11"]
[White "Lagarde, Maxime"]
[Black "Krishna Teja, N"]
[Result "1/2-1/2"]
[WhiteTitle "GM"]
[BlackTitle "IM"]
[WhiteElo "2616"]
[BlackElo "2340"]
[WhiteFideId "662399"]
[BlackFideId "5001498"]
[EventDate "2018.12.14"]

1. c4 c5 2. Nf3 Nf6 3. Nc3 Nc6 4. d4 cxd4 5. Nxd4 d5 6. Bf4 dxc4 7. Nxc6 Qxd1+
8. Rxd1 bxc6 9. e4 Ba6 10. Be2 e6 11. O-O Bb4 12. Bf3 O-O 13. Bd6 Bxd6 14. Rxd6
Rab8 15. Rxc6 Bb7 16. Rc7 Rfc8 17. Rxc8+ Rxc8 18. Rd1 g5 19. h3 Kf8 20. Kf1 e5
21. Ke2 Ke7 22. Ke3 Rb8 23. Be2 Bc8 24. Rd2 Be6 25. g3 h5 26. f4 gxf4+ 27. gxf4
exf4+ 28. Kxf4 h4 29. e5 Nd7 30. Bg4 Nc5 31. Nd5+ Bxd5 32. Rxd5 Nd3+ 33. Kg5
Rxb2 34. Bf5 Rxa2 35. Rd7+ Ke8 36. Rc7 Ra6 37. Rc8+ Ke7 38. Rc7+ Kf8 39. e6 fxe6
40. Bg6 e5 41. Rxc4 Nf4 42. Bf5 Ke7 43. Rc7+ Kd6 44. Rd7+ Kc6 45. Kxh4 Ra3 46.
Rh7 Kd5 47. Kg5 Kd4 48. Rd7+ Ke3 49. h4 Ra1 50. Re7 Rg1+ 51. Bg4 Ke4 52. h5 Nxh5
53. Kxh5 a5 54. Ra7 Ra1 55. Bd7 Kd4 56. Bc6 Kc5 57. Be8 Kb6 58. Re7 a4 59. Re6+
Kc7 60. Ra6 a3 61. Bf7 e4 62. Kg4 Kb7 63. Ra4 Kb6 64. Bc4 Kc5 65. Ba6 a2 66. Kf4
e3 67. Be2 Kb6 68. Kxe3 Kc5 69. Kd2 Kb6 70. Bc4 Rh1 71. Rxa2 Kc5 72. Be2 Rh3 73.
Ra5+ Kd4 74. Ra4+ Ke5 75. Bd3 Rg3 76. Ke2 Rh3 77. Be4 Rg3 78. Bf3 Rg1 79. Ke3
Rg5 80. Ra6 Kf5 81. Kd4 Rg8 82. Be4+ Kf4 83. Rf6+ Kg5 84. Rf5+ Kg4 85. Ke3 Re8
86. Rf6 Re5 87. Rg6+ Rg5 88. Re6 Ra5 89. Bd3 Rc5 90. Rh6 Re5+ 91. Be4 Re8 92.
Rg6+ Kh5 93. Rg1 Rf8 94. Kd4 Kh4 95. Ke5 Rf2 96. Bf5 Rf3 97. Rg2 Rg3 98. Rh2+
Kg5 99. Rh8 Re3+ 100. Be4 Rg3 101. Rf8 Kg4 102. Rf7 Kg5 103. Bf3 Kg6 104. Rf4
Kg7 105. Be4 Ra3 106. Rg4+ Kf8 107. Bd5 Ra6 108. Be6 Ke7 109. Rg7+ Kd8 110. Rd7+
Ke8 111. Kf6 Ra1 112. Rd2 Rf1+ 113. Bf5 Rf4 114. Rd1 Rf2 115. Rd3 Rf1 116. Rd4
Rf2 117. Rd5 Rf1 118. Rd2 Rf4 119. Re2+ Kf8 120. Rc2 Rd4 121. Rc8+ 1/2-1/2